През дверите на доброто | В хармония с безкрайното (Запис номер 493362)
[ съкратено ]
| 000 -Лидер | |
|---|---|
| Лидер | 01919nam a2200361 a 4500 |
| 003 - Код на организацията, давaща контролен номер | |
| Код на организацията, даваща контролен номер | BLK |
| 005 - Дата и час на последна редакция | |
| Дата и час на последна редакция | 20240427151652.0 |
| 007 - Фиксирано поле за физическо описани | |
| Физическо описание | ta |
| 008 - Елементи от данни с фиксирана дължина | |
| Елементи с фиксирана дължина | 221104b bu |||||r|||| 00| | bu d |
| 020 ## - Международен стандартен номер на книга ISBN | |
| ISBN | 9786197449938 |
| 040 ## - Източник на каталожния запис | |
| Код на библиотеката | BLK |
| 041 ## - Код за език | |
| Език | Български |
| Език за КДБФ | Български |
| 080 ## - УДК | |
| 9 (RLIN) | 240481 |
| УДК текст | Философски мистицизъм. Ранни езотерични школи. Кабала. Теософия. Антропософия. Суфизъм. Еклектизъм. Синкретизъм. Херметизъм. Розенкройцерство. Др. школи |
| УДК код | 141.33 |
| УДК – код + определител | 141.33 |
| 080 ## - УДК | |
| 9 (RLIN) | 236043 |
| УДК текст | Особености на духовния живот. Съзнание. Духовно развитие на човека. Диференциална психология. Генетична психология. Еволюционна психология |
| УДК код | 159.922 |
| УДК – код + определител | 159.922 |
| 084 ## - Класификационен индекс по друга класификация | |
| Авторски знак | Ал - А 46 |
| 100 ## - Редна дума - Автор | |
| R(LIN) | 246378 |
| Автор | Алън, Джеймс |
| 245 ## - Сведения за заглавието | |
| Заглавие | През дверите на доброто |
| Авторска отговорност | Джеймс Алън ; предг. Елеазар Хараш. |
| 245 ## - Сведения за заглавието | |
| Заглавие | В хармония с безкрайното |
| Авторска отговорност | Ралф Уолдо Трайн ; предг. Елеазар Хараш ; послесл. П. Г. Пампоров |
| 260 ## - Област на издателските данни | |
| 9 (RLIN) | 391418 |
| Място на издаване | Варна |
| Име на издателя | Светът на книгите |
| Година на издаване | 2023 |
| 300 ## - Физическа характеристика | |
| Брой страници | 175 с. |
| Размер | 17 см |
| 380 ## - Жанр | |
| Жанр | Философия |
| 650 #7 - Допълнително описание по предмет – тема | |
| 9 (RLIN) | 154400 |
| Предметна рубрика | Езотеризъм |
| 653 ## - Ключова дума – ненормативна | |
| 9 (RLIN) | 199798 |
| Ключови думи | хармония |
| 653 ## - Ключова дума – ненормативна | |
| 9 (RLIN) | 185334 |
| Ключови думи | добро |
| 653 ## - Ключова дума – ненормативна | |
| 9 (RLIN) | 196049 |
| Ключови думи | самоусъвършенстване |
| 700 ## - Други автори (авторска отговорност) | |
| 9 (RLIN) | 401063 |
| Друг автор | Хараш, Елеазар |
| Авт. отговорност на др. автор | предг. |
| Пълното име на др. автор | Йорданов, Петко |
| 700 ## - Други автори (авторска отговорност) | |
| 9 (RLIN) | 958 |
| Друг автор | Пампоров, Петър Георгиев |
| Авт. отговорност на др. автор | послесл. |
| 852 ## - Местоположение | |
| Сигнатура (форматна) | Цб І 42548 |
| Отдел | Хранилище |
| 856 ## - Електронен адрес и достъп | |
| Инструкция (цена за достъп) | 0.00 |
| Права за достъп | disable |
| 942 ## - АРТИКУЛИ | |
| Вид на библиотечния документ | Книги |
| Скрит в OPAC | Не |
| Koha issues (borrowed), all copies | 1 |
| 944 ## - СЪЗДАВАНЕ И РЕДАКЦИЯ на ЗАПИСА | |
| Дата на регистрацията/редакция | Христина Везирева |
| Служител, извършил регистрацията/редакцията | 30556 |
| Номер на служител | Теодора Пейчева-Дянкова |
| 999 ## - СИСТЕМНИ КОНТРОЛНИ НОМЕРА | |
| Koha biblionumber | 493362 |
| Koha biblioitemnumber | 493362 |
| 999 ## - СИСТЕМНИ КОНТРОЛНИ НОМЕРА | |
| Koha biblioitemnumber | 493362 |
| Код за отписване | Код за изгубен артикул | Източник на класификационната схема | Код за повреда | Коз за рестрикции | Код за отдаване | Артикулен № | Име на библиотеката - собственик | Име на библиотеката, в която се намира в момента | Статус (Текущо местоположение) | Дата на вписване в системата | Местоположение - отдел | Цена в лева | Инвентарен номер | Систематично азбучна сигнатура | Баркод | Цена в евро | Служебен тип на артикула |
|---|---|---|---|---|---|---|---|---|---|---|---|---|---|---|---|---|---|
| Не е изгубен | Universal Decimal Classification | Не е повреден | само за читалня | ползва се в читалня | 931997 | Регионална библиотека "Любен Каравелов" Русе | Регионална библиотека "Любен Каравелов" Русе | Хранилище | 2023-08-07 | Хранилище | 14.00 | 120000891171 | Цб І 42548 | 120000891171 | 7.16 | Книги | |
| Не е изгубен | Universal Decimal Classification | Не е повреден | заемане за дома | 942043 | Регионална библиотека "Любен Каравелов" Русе | Регионална библиотека "Любен Каравелов" Русе | Заемна - подръчен фонд | 2024-04-05 | Заемна - подръчен фонд | 14.00 | 120000901036 | 14/А 46 Д | 120000901036 | 7.16 | Книги | ||
| Не е изгубен | Universal Decimal Classification | Не е повреден | заемане за дома | 942053 | Регионална библиотека "Любен Каравелов" Русе | Регионална библиотека "Любен Каравелов" Русе | Заемна - подръчен фонд | 2024-04-05 | Заемна - подръчен фонд | 14.00 | 120000901042 | 14/А 46 Д | 120000901042 | 7.16 | Книги |